[Event "FSV-ch 2011"]
[Site "Dortmund"]
[Date "2011.03.31"]
[Round "4.11"]
[White "Raabe, Hans-Ulrich"]
[Black "Raskin, Vitali"]
[Result "1-0"]
[WhiteElo "1471"]
[BlackElo "1751"]
[PlyCount "145"]
[EventDate "2011.??.??"]

1. e4 c5 2. Nf3 Nc6 3. d4 cxd4 4. Nxd4 g6 5. Nc3 Bg7 6. Be3 Nf6 7. f3 O-O 8.
Qd2 d5 9. Nxc6 bxc6 10. exd5 Nxd5 11. Nxd5 cxd5 12. c3 e5 13. Be2 Be6 14. O-O
Qc7 15. Rfd1 a5 16. b4 axb4 17. cxb4 d4 18. Bf2 Ra3 19. Rdc1 Qa7 20. Bc4 Bf5
21. Bb3 Qb7 22. Rc5 Rb8 23. b5 Qb6 24. Rac1 Be6 25. Qb2 Rba8 26. Bxe6 Qxe6 27.
Rc8+ Bf8 28. Rxa8 Rxa8 29. Ra1 Ba3 30. Qb3 Qd6 31. b6 Rb8 32. b7 Qb4 33. Qxb4
Bxb4 34. Rb1 Bd6 35. a4 Kf8 36. a5 Ke7 37. a6 Bc5 38. Rb5 Ba7 39. Rxe5+ Kd6 40.
Bg3 Kc6 41. Ra5 Rd8 42. Kf1 Kb6 43. Ra2 Kb5 44. Rb2+ Kxa6 45. b8=Q Bxb8 46.
Rxb8 Rd7 47. Ke2 d3+ 48. Kd2 Ka5 49. Rb3 Ka4 50. Rxd3 Rb7 51. Ke3 Kb4 52. Be1+
Kc4 53. Rc3+ Kd5 54. f4 Re7+ 55. Kf2 Rb7 56. Kf3 f5 57. h3 Kd4 58. g4 Rb1 59.
Re3 fxg4+ 60. hxg4 Rb7 61. Bh4 Kd5 62. Bg5 Kd6 63. f5 gxf5 64. gxf5 Rg7 65. Kf4
Rb7 66. f6 Rb4+ 67. Re4 Rb1 68. Bh4 Rf1+ 69. Kg4 Rg1+ 70. Kf5 Rb1 71. f7 Rb5+
72. Kf6 Rb1 73. f8=Q+ 1-0

[Event "FSV-ch 2011"]
[Site "Dortmund"]
[Date "2011.03.31"]
[Round "4.12"]
[White "Schulz-Runge, Mi"]
[Black "Völler, Lothar"]
[Result "1-0"]
[WhiteElo "1736"]
[BlackElo "1469"]
[PlyCount "59"]
[EventDate "2011.??.??"]

1. e4 e5 2. Bc4 Nf6 3. Nf3 Nc6 4. Ng5 d5 5. exd5 Nd4 6. c3 Nf5 7. Qe2 Bd6 8. d4
O-O 9. dxe5 Bxe5 10. Nxf7 Rxf7 11. Qxe5 Re7 12. d6+ Rf7 13. dxc7 Qf8 14. O-O
Bd7 15. Bg5 Re8 16. Qa5 Ne4 17. Bd8 Nfd6 18. Bxf7+ Qxf7 19. Qxa7 Qg6 20. Qe3
Ng5 21. Qxg5 Qc2 22. Qd5+ Be6 23. Qxd6 Qxb2 24. Qxe6+ Rxe6 25. c8=Q Rc6 26.
Bc7+ Kf7 27. Qd7+ Kg6 28. Qe8+ Kh6 29. g4 Rxc7 30. Qh5# 1-0

[Event "FSV-ch 2011"]
[Site "Dortmund"]
[Date "2011.03.31"]
[Round "4.13"]
[White "Vogt, Christian"]
[Black "Knackstedt, Ulf"]
[Result "0-1"]
[WhiteElo "1415"]
[BlackElo "1718"]
[PlyCount "58"]
[EventDate "2011.??.??"]

1. d4 d6 2. Bg5 g6 3. Nc3 Bg7 4. Qd2 Nf6 5. Bh6 O-O 6. Bxg7 Kxg7 7. O-O-O Nc6
8. e4 e5 9. dxe5 Nxe5 10. f4 Nc6 11. Nf3 Re8 12. e5 dxe5 13. Qxd8 Rxd8 14. Rxd8
Nxd8 15. Nxe5 Bf5 16. Bc4 Ne6 17. g3 Ng4 18. Nxg4 Bxg4 19. h3 Bf3 20. Re1 Re8
21. Bd5 Bxd5 22. Nxd5 c6 23. Nb4 Rd8 24. Nd3 Rd4 25. Re5 b6 26. a3 c5 27. Kd2
c4 28. Rxe6 fxe6 29. Kc3 cxd3 0-1

[Event "FSV-ch 2011"]
[Site "Dortmund"]
[Date "2011.03.31"]
[Round "4.15"]
[White "Benke, Werner"]
[Black "Kirmes, H.-Uwe"]
[Result "1-0"]
[WhiteElo "1612"]
[BlackElo "1380"]
[PlyCount "59"]
[EventDate "2011.??.??"]

1. e4 c5 2. Nf3 d6 3. d4 cxd4 4. Nxd4 Nf6 5. Bd3 e5 6. Nf3 a6 7. O-O Be7 8. h3
O-O 9. Nbd2 Nbd7 10. c3 Nc5 11. Bc2 Be6 12. Re1 Rc8 13. Nb3 Bxb3 14. Bxb3 Nfxe4
15. Bd5 Nf6 16. Bxb7 Nxb7 17. Be3 Nd7 18. Qc2 h6 19. Rad1 Qc7 20. Qf5 Bf6 21.
Qg4 Kh8 22. Qh5 Kg8 23. Qg4 Qc4 24. Qxd7 Rc7 25. Qg4 Qxg4 26. hxg4 Rfc8 27. g5
hxg5 28. Bxg5 Bxg5 29. Nxg5 f5 30. Re3 1-0

[Event "FSV-ch 2011"]
[Site "Dortmund"]
[Date "2011.03.31"]
[Round "4.16"]
[White "Reinacher, Detlev"]
[Black "Skalweit, Wolfgang"]
[Result "1-0"]
[WhiteElo "1588"]
[BlackElo "1401"]
[PlyCount "101"]
[EventDate "2011.??.??"]

1. Nf3 d5 2. g3 Nf6 3. Bg2 c6 4. O-O Bg4 5. d3 Nbd7 6. c3 e5 7. Nbd2 Qc7 8. Qc2
h6 9. a3 Bd6 10. e4 O-O 11. b3 Rac8 12. Bb2 Rfe8 13. Rac1 a6 14. Qb1 Qb6 15. b4
Qd8 16. c4 d4 17. c5 Bc7 18. Nc4 Be6 19. Nfd2 Bg4 20. Nb3 Rb8 21. Nba5 Kh8 22.
f3 Be6 23. Qa1 Kg8 24. f4 Ng4 25. Rf3 h5 26. h3 Nh6 27. Rf2 f6 28. Rcf1 Rf8 29.
Qd1 Bf7 30. f5 Qe8 31. Bf3 Kh8 32. Be2 Rg8 33. Kh2 Nf8 34. Nd2 Nh7 35. Nf3 Bd8
36. Nc4 Be7 37. Bc1 Qf8 38. Nh4 Qe8 39. Bd2 g5 40. fxg6 Bxg6 41. Bxh6 f5 42.
exf5 Bxh4 43. gxh4 Bxf5 44. Bxh5 Qe6 45. Rxf5 Qxh6 46. Nxe5 Qe6 47. Nf7+ Kg7
48. Rg1+ Kf8 49. Nd6+ Nf6 50. Rxf6+ Qxf6 51. Rf1 1-0

[Event "FSV-ch 2011"]
[Site "Dortmund"]
[Date "2011.03.31"]
[Round "4.17"]
[White "Tautz, Eugen"]
[Black "Pauli, Helmut"]
[Result "1-0"]
[WhiteElo "1442"]
[BlackElo "1222"]
[PlyCount "79"]
[EventDate "2011.??.??"]

1. c4 e5 2. Nc3 Nc6 3. d3 d6 4. e4 Nf6 5. Bg5 Be7 6. Nf3 Be6 7. Be2 h6 8. Bd2
a6 9. Rc1 Qd7 10. Nd5 Bxd5 11. cxd5 Na7 12. Qc2 Rc8 13. Be3 b6 14. d4 Nb5 15.
dxe5 Ng4 16. Bxb6 O-O 17. Ba5 dxe5 18. O-O Bd6 19. h3 Nf6 20. a4 Nd4 21. Nxd4
exd4 22. Bxa6 Ra8 23. Bb5 Qe7 24. Bd2 Nxe4 25. Rce1 Qe5 26. f4 Qxd5 27. Qxe4
Qc5 28. Rc1 Qb6 29. Kh1 Bc5 30. Qd5 Bd6 31. Rc6 Qb8 32. Qxd4 Rd8 33. Bc3 f6 34.
Qd5+ Kh8 35. Qh5 Qc8 36. Rc4 Qe6 37. Re1 Qg8 38. Rce4 Qh7 39. Bc4 g6 40. Bxf6+
1-0

[Event "FSV-ch 2011"]
[Site "Dortmund"]
[Date "2011.03.31"]
[Round "4.19"]
[White "Herrmann, Rudolf"]
[Black "Busch, J. Malo"]
[Result "1/2-1/2"]
[WhiteElo "1336"]
[BlackElo "1220"]
[PlyCount "157"]
[EventDate "2011.??.??"]

1. d4 Nf6 2. Nf3 g6 3. Bg5 Bg7 4. e3 d6 5. c4 O-O 6. Nc3 Bg4 7. h3 Bf5 8. Bd3
Bxd3 9. Qxd3 c5 10. O-O Nc6 11. Rfd1 Nb4 12. Qe2 cxd4 13. exd4 Rc8 14. a3 Nc6
15. b4 Qc7 16. Rac1 e6 17. c5 dxc5 18. dxc5 a6 19. Bh4 Rfd8 20. Bg3 Rxd1+ 21.
Rxd1 Qe7 22. Bd6 Qe8 23. Rd3 Rd8 24. Kf1 Bf8 25. Ne4 Nxe4 26. Qxe4 Bxd6 27.
Rxd6 Rxd6 28. cxd6 Qd7 29. Qd3 f6 30. h4 Nd8 31. Qd4 e5 32. Qc4+ Nf7 33. Qc7
Qxd6 34. Qxb7 Qd3+ 35. Kg1 Qxa3 36. Kh2 Qa4 37. g3 Qb5 38. Qe7 Kg7 39. Kg1 a5
40. bxa5 Qxa5 41. Nh2 Qd8 42. Qb7 Qd1+ 43. Kg2 Qe2 44. Nf1 e4 45. Ne3 f5 46.
Qe7 h6 47. Kg1 Qe1+ 48. Kg2 Qe2 49. Qa7 Qf3+ 50. Kf1 f4 51. Qd4+ Kg8 52. gxf4
Qxf4 53. Ng2 Qf3 54. Qd5 Qd3+ 55. Qxd3 exd3 56. Nf4 Ne5 57. h5 g5 58. Nd5 d2
59. Ke2 Nc4 60. Nf6+ Kf7 61. Ne4 Ke6 62. Nxd2 Nxd2 63. Kxd2 Kf5 64. f3 Kf4 65.
Ke2 Kg3 66. Ke3 Kh4 67. f4 g4 68. Kf2 g3+ 69. Kg2 Kg4 70. f5 Kxf5 71. Kxg3 Kg5
72. Kh3 Kxh5 73. Kh2 Kh4 74. Kg2 h5 75. Kh2 Kg4 76. Kg2 h4 77. Kh2 h3 78. Kg1
Kg3 79. Kh1 1/2-1/2

[Event "FSV-ch 2011"]
[Site "Dortmund"]
[Date "2011.03.31"]
[Round "4.20"]
[White "Wangrin, Stefan A"]
[Black "Koch, Detlev"]
[Result "0-1"]
[WhiteElo "1184"]
[BlackElo "1292"]
[PlyCount "85"]
[EventDate "2011.??.??"]

1. e4 e6 2. d4 d5 3. e5 c5 4. c4 cxd4 5. Qxd4 Nc6 6. Qd1 dxc4 7. Qxd8+ Kxd8 8.
Bxc4 Nxe5 9. Nc3 Nxc4 10. Nf3 Bb4 11. O-O Bxc3 12. Rd1+ Bd2 13. Bxd2 Nxd2 14.
Rxd2+ Ke7 15. Rc1 Nf6 16. Ne5 Nd5 17. Ng4 Bd7 18. Re1 Bc6 19. Ne5 Rhd8 20. h4
Nb4 21. Rxd8 Rxd8 22. Rc1 f6 23. Nxc6+ Nxc6 24. b4 Nxb4 25. a3 Nc6 26. a4 a5
27. Rb1 Nb4 28. Rc1 Nd5 29. h5 Kd7 30. Rc4 Rc8 31. Rg4 Rg8 32. Rd4 f5 33. f4
Rc8 34. Rd3 Ke7 35. Rb3 b6 36. Rg3 Kf6 37. Rb3 Rc6 38. g3 Nb4 39. Kf2 Rc2+ 40.
Ke3 Nd5+ 41. Kd4 Ra2 42. Rb1 Rxa4+ 43. Rb4 {Dieser Zug wurde von beiden
Spielern notiert, und es folgte die Aufgabe von Weiss ...} 0-1

[Event "FSV-ch 2011"]
[Site "Dortmund"]
[Date "2011.03.31"]
[Round "4.21"]
[White "Gennat, Egon L"]
[Black "Rabe, Mark"]
[Result "1-0"]
[WhiteElo "1289"]
[BlackElo "963"]
[PlyCount "115"]
[EventDate "2011.??.??"]

1. d4 e6 2. c4 c6 3. Nf3 Bb4+ 4. Bd2 a5 5. Nc3 d6 6. a3 Bxc3 7. Bxc3 Nf6 8. b3
Ne4 9. Bb2 Qf6 10. Qc2 Qf5 11. Rc1 g5 12. h3 Nd7 13. e3 Ndf6 14. Be2 g4 15.
hxg4 Nxg4 16. Rf1 Rg8 17. Nh4 Qh5 18. Qxe4 Qxh4 19. g3 Qg5 20. Bxg4 Qxg4 21.
Qxg4 Rxg4 22. Rh1 Rg7 23. Kd2 Bd7 24. Rh6 O-O-O 25. d5 Rgg8 26. dxc6 bxc6 27.
Rxh7 f5 28. Rch1 e5 29. Rf7 Rh8 30. Rhh7 Rxh7 31. Rxh7 c5 32. a4 Kc7 33. Bc3
Kb6 34. Rh6 Bc6 35. Ke2 Rd7 36. f3 e4 37. f4 Rd8 38. Rf6 Rh8 39. Be1 Rh2+ 40.
Bf2 Kc7 41. Rxf5 Bd7 42. Rg5 Rh1 43. f5 Rb1 44. f6 Rb2+ 45. Kf1 Bh3+ 46. Kg1
Rb1+ 47. Kh2 Be6 48. Rg7+ Kc6 49. f7 Rb2 50. f8=Q Bd7 51. Rg6 Rd2 52. Rf6 Bg4
53. Qe8+ Bd7 54. Qxe4+ Kc7 55. Qa8 Rd1 56. Qxa5+ Kb7 57. Rf7 Kc8 58. Rf8+ 1-0

[Event "FSV-ch 2011"]
[Site "Dortmund"]
[Date "2011.03.31"]
[Round "4.22"]
[White "Winkler, Harald"]
[Black "Wickenfeld, Udo"]
[Result "0-1"]
[WhiteElo "1318"]
[BlackElo "1249"]
[PlyCount "100"]
[EventDate "2011.??.??"]

1. d4 Nf6 2. c4 e6 3. Nc3 Bb4 4. Bd2 c5 5. e3 d5 6. Nf3 Nc6 7. Be2 O-O 8. O-O
Re8 9. Re1 Bxc3 10. bxc3 Ne4 11. cxd5 exd5 12. a4 Nxd2 13. Qxd2 a5 14. Bb5 c4
15. Bxc6 bxc6 16. Rab1 Bg4 17. Ne5 Bf5 18. Rb2 Qd6 19. Ra1 f6 20. Nf3 Be4 21.
Ne1 Rab8 22. Raa2 Rb3 23. Nc2 Reb8 24. Ne1 R8b7 25. Qc1 Qb8 26. Rxb3 Rxb3 27.
Ra1 Rb2 28. f3 Bd3 29. f4 Qb3 30. Kh1 Rf2 31. h3 Ra2 32. Qd1 Qxd1 33. Rxd1 Be4
34. Kh2 Rxa4 35. Kg3 Ra3 36. Rc1 Ra2 37. Nf3 a4 38. Rd1 a3 39. Nd2 Bd3 40. Nf3
Rb2 41. Ra1 a2 42. Kh2 Bb1 43. Kg1 Rc2 44. Kh2 Rxc3 45. Nd2 Rc1 46. e4 Rd1 47.
exd5 cxd5 48. Nf3 c3 49. Ng1 Rxg1 50. Kxg1 c2 0-1

[Event "FSV-ch 2011"]
[Site "Dortmund"]
[Date "2011.03.31"]
[Round "4.23"]
[White "Jürgens, Ulrich"]
[Black "vd Mescht, Adrian"]
[Result "1-0"]
[WhiteElo "1168"]
[BlackElo "756"]
[PlyCount "57"]
[EventDate "2011.??.??"]

1. Nf3 d5 2. d4 Nf6 3. g3 Bf5 4. Bg2 e6 5. Nh4 Bg4 6. Bg5 Bd6 7. Qd3 Nbd7 8. e4
Bb4+ 9. c3 Ba5 10. e5 h6 11. Ng6 Bf5 12. Qb5 Bxg6 13. Bxf6 gxf6 14. Qxa5 fxe5
15. dxe5 Nxe5 16. Qb5+ c6 17. Qe2 Bd3 18. Qxe5 Rg8 19. Qe3 Bc4 20. Nd2 Rg5 21.
Nxc4 dxc4 22. O-O Qd7 23. Rfd1 Qe7 24. Qd4 c5 25. Qh8+ Qf8 26. Qf6 Rf5 27. Qh4
Rc8 28. Bxb7 Rc7 29. Qd8# 1-0

[Event "FSV-ch 2011"]
[Site "Dortmund"]
[Date "2011.03.31"]
[Round "4.24"]
[White "Jentzsch, W. W."]
[Black "Riepe, Markus"]
[Result "0-1"]
[WhiteElo "1292"]
[BlackElo "886"]
[PlyCount "34"]
[EventDate "2011.??.??"]

1. d4 Nf6 2. c4 g6 3. Nc3 Bg7 4. Bf4 d6 5. c5 O-O 6. e4 c6 7. Bc4 d5 8. exd5
cxd5 9. Bb3 Bg4 10. Nf3 Nc6 11. h3 Bf5 12. g4 Be4 13. Bc2 Qa5 14. Bxe4 Nxe4 15.
Qd3 Nb4 16. Qb5 Nc2+ 17. Ke2 Nxc3+ 0-1

[Event "FSV-ch 2011"]
[Site "Dortmund"]
[Date "2011.03.31"]
[Round "4.25"]
[White "Böckmann, Lilo"]
[Black "Reker, Gerhard"]
[Result "1-0"]
[WhiteElo "950"]
[BlackElo "727"]
[PlyCount "71"]
[EventDate "2011.??.??"]

1. d4 d5 2. e3 Nf6 3. Nf3 e6 4. c4 Ne4 5. a3 c5 6. Be2 cxd4 7. exd4 Be7 8. O-O
O-O 9. Bf4 Nc6 10. Nfd2 Nxd4 11. Bd3 Nxd2 12. Nxd2 Bf6 13. Qh5 g6 14. Qd1 a6
15. Nf3 Nxf3+ 16. Qxf3 Bxb2 17. Ra2 Bf6 18. Bd2 Be5 19. g3 a5 20. c5 Qf6 21.
Qe2 Bd4 22. Bh6 Re8 23. Be3 Bxe3 24. Qxe3 Bd7 25. Qe2 Qd4 26. Rd2 Qxc5 27. Rc2
Qxa3 28. Bb5 Qe7 29. Bxd7 Qxd7 30. Rfc1 b6 31. Rc7 Qd8 32. Qf3 Re7 33. Qf4 e5
34. Qf6 Qe8 35. Rxe7 Qxe7 36. Qxe7 1-0

[Event "FSV-ch 2011"]
[Site "Dortmund"]
[Date "2011.04.07"]
[Round "5.1"]
[White "Melmer, Felix"]
[Black "Naundorf, Maik"]
[Result "0-1"]
[WhiteElo "1935"]
[BlackElo "2056"]
[PlyCount "42"]
[EventDate "2011.??.??"]

1. f4 g6 2. Nf3 Bg7 3. d3 d5 4. c3 Nf6 5. Qc2 Nbd7 6. e4 dxe4 7. dxe4 Nc5 8.
Nbd2 Nfxe4 9. Nxe4 Bf5 10. Nfd2 Qd5 11. Bc4 Bxe4 12. Bxd5 Bxc2 13. O-O c6 14.
Bf3 O-O 15. g3 Rfe8 16. Re1 e5 17. Nc4 exf4 18. Bxf4 Nd3 19. Rxe8+ Rxe8 20. Bg5
h6 21. Be3 Nxb2 0-1

[Event "FSV-ch 2011"]
[Site "Dortmund"]
[Date "2011.04.12"]
[Round "5.2"]
[White "Zelt, Jens"]
[Black "Morawietz, Manuel"]
[Result "1/2-1/2"]
[WhiteElo "2016"]
[BlackElo "1958"]
[PlyCount "47"]
[EventDate "2011.??.??"]

1. d4 d5 2. e3 e6 3. f4 c5 4. c3 Nc6 5. Bd3 f5 6. Nf3 Nf6 7. O-O Bd7 8. Ne5 Be7
9. Nd2 O-O 10. Ndf3 Be8 11. Qe1 Ne4 12. Bd2 b5 13. Nxc6 Bxc6 14. dxc5 Nxc5 15.
Bc2 Qb6 16. Nd4 Bd7 17. a3 Rac8 18. Qe2 Ne4 19. Be1 Rc7 20. Bd3 Rb8 21. Kh1 Bf6
22. Bxe4 dxe4 23. Qf2 Bxd4 24. exd4 1/2-1/2

[Event "FSV-ch 2011"]
[Site "Dortmund"]
[Date "2011.04.07"]
[Round "5.3"]
[White "Schulenburg, Pit"]
[Black "Schulz-Runge, Mi"]
[Result "1-0"]
[WhiteElo "2165"]
[BlackElo "1790"]
[PlyCount "77"]
[EventDate "2011.??.??"]

1. d4 Nf6 2. c4 c5 3. d5 Ne4 4. Nf3 Qa5+ 5. Nfd2 g6 6. Qc2 f5 7. f3 Nd6 8. b4
Qxb4 9. Bb2 Rg8 10. e3 Bg7 (10... b5 11. Be5 Nxc4 12. Bxc4 bxc4 13. Nc3 d6 14.
Rb1 Qa5 15. Nxc4 Qd8 16. Bg3 Bg7 17. Nb5 Na6 18. Qa4 Kf8 19. O-O Nc7 20. Nbxd6
Nxd5 21. Qc6 Be6 22. Rb7 f4 23. Ne4 Bf7 24. Ng5 Bf6 25. Nxh7+ Kg7 26. Nxf6 exf6
27. Nd6 Ne7 28. Qxc5 fxg3 29. Rxe7 gxh2+ 30. Kxh2 Rf8 31. Rb1 Rb8 32. Nxf7 Rxf7
33. Rxf7+ Kxf7 34. Qxa7+ {
1-0 Ernst,S (2590)-Van Dorp,F/Wolvega NED 2010/The Week in Chess 838 (34).})
11. Nc3 b5 12. a3 Qa5 13. cxb5 a6 14. b6 c4 15. Be2 Qxb6 16. Na4 Qxe3 17. Bxg7
Rxg7 18. Nxc4 Nxc4 19. Qxc4 Bb7 20. Rb1 Nc6 21. dxc6 Bxc6 22. Qc3 Qh6 23. Nc5
g5 24. Nxa6 ({Weiss sah das noch staerkere} 24. Ne6 $1 {
allerdings, ohne es so richtig zu wuerdigen.}) 24... Kf7 25. Rb8 Qd6 26. Rxa8
Bxa8 27. O-O h5 28. Rd1 Qb6+ 29. Qc5 Qxc5+ 30. Nxc5 d6 31. Bc4+ Kf6 32. Nd7+
Kg6 33. Be6 f4 34. Rc1 Kh6 35. Rc8 Bb7 36. Rc7 Ba8 37. Nb6 Rg6 38. Rxe7 Bc6 39.
Bf5 {und Schwarz ueberschritt die Zeit.} 1-0

[Event "FSV-ch 2011"]
[Site "Dortmund"]
[Date "2011.04.07"]
[Round "5.4"]
[White "Jost, Udo"]
[Black "Begna, Bozidar"]
[Result "1/2-1/2"]
[WhiteElo "1782"]
[BlackElo "1976"]
[PlyCount "168"]
[EventDate "2011.??.??"]

1. e4 d6 2. Bc4 Nf6 3. d4 Bg4 4. f3 Bd7 5. e5 dxe5 6. dxe5 Ng8 7. Bg5 Nc6 8. f4
Bf5 9. Nd2 Nd4 10. Rc1 Qd7 11. c3 Ne6 12. Ngf3 h6 13. Bxe6 Bxe6 14. Bh4 Qd3 15.
Qa4+ Bd7 16. Qd4 Qxd4 17. cxd4 Rc8 18. Ne4 e6 19. O-O Ne7 20. Rxc7 Rxc7 21.
Nd6+ Kd8 22. Nxf7+ Kc8 23. Nxh8 Be8 24. Nd2 Nf5 25. Bf2 Rc2 26. Ne4 Bc6 27. Ng6
Bb4 28. Nc5 Bxc5 29. dxc5 Kc7 30. Rd1 Bxg2 31. b4 Rxa2 32. b5 Bd5 33. b6+ Kc6
34. bxa7 Rxa7 35. Rb1 Ra2 36. h4 h5 37. Kf1 Kd7 38. Nf8+ Ke8 39. Nh7 Ne7 40.
Ng5 Ng6 41. c6 bxc6 42. Rb8+ Kd7 43. Bb6 c5 44. Rd8+ Kc6 45. Rd6+ Kb5 46. Nxe6
Bc4+ 47. Ke1 Bxe6 48. Rxe6 Nxf4 49. Rd6 Re2+ 50. Kf1 Rxe5 51. Bd8 Rf5 52. Ke1
Kc4 53. Rd7 g6 54. Bg5 Kc3 55. Bd8 c4 56. Ra7 Kc2 57. Bb6 Ng2+ 58. Ke2 Nxh4 59.
Bd4 Nf3 60. Ra2+ Kb3 61. Rb2+ Ka3 62. Bc3 h4 63. Kd1 Ne5 64. Rb6 h3 65. Kc2
Rf2+ 66. Bd2 Rxd2+ 67. Kxd2 h2 68. Kc3 Ka4 69. Rb1 g5 70. Rh1 Kb5 71. Rxh2 Kc5
72. Ra2 Kd5 73. Rd2+ Ke4 74. Re2+ Kd5 75. Rd2+ Ke4 76. Re2+ Kf4 77. Kd4 Nf3+
78. Kxc4 Nh4 79. Kd3 Nf3 80. Re4+ Kg3 81. Ke3 Nh2 82. Ke2 Nf3 83. Re3 g4 84.
Re4 Ng1+ 1/2-1/2

[Event "FSV-ch 2011"]
[Site "Dortmund"]
[Date "2011.04.07"]
[Round "5.5"]
[White "Tekin, Baran"]
[Black "Grube, Jörg"]
[Result "1-0"]
[WhiteElo "1496"]
[BlackElo "1876"]
[PlyCount "89"]
[EventDate "2011.??.??"]

1. d4 f5 2. Nf3 Nf6 3. c4 e6 4. Nc3 Be7 5. g3 O-O 6. Bg2 Qe8 7. O-O d6 8. Re1
Qh5 9. Qd3 d5 10. Nb5 Na6 11. cxd5 exd5 12. Bf4 Bd8 13. Qc2 Bd7 14. Qb3 Rb8 15.
Nxa7 Qe8 16. Ne5 Be6 17. Nb5 Be7 18. Nf3 Qd7 19. Ng5 Bb4 20. Nxe6 Qxe6 21. Nxc7
Nxc7 22. Qxb4 Na6 23. Qd6 Rbe8 24. Qxe6+ Rxe6 25. Be5 Ne4 26. Bxe4 dxe4 27. a3
Rc8 28. Rec1 Rec6 29. Rxc6 Rxc6 30. b4 Nc7 31. Bxc7 Rxc7 32. e3 Kf7 33. Kf1 Ke6
34. Ke1 Rc2 35. a4 Kd5 36. b5 b6 37. a5 bxa5 38. Rxa5 g6 39. b6+ Kd6 40. Rb5
Rc8 41. b7 Rb8 42. Kd2 Kc6 43. Rb2 Rxb7 44. Rxb7 Kxb7 45. Kc3 1-0

[Event "FSV-ch 2011"]
[Site "Dortmund"]
[Date "2011.04.12"]
[Round "5.6"]
[White "Schütz, Ralf"]
[Black "Milonas, Georgios"]
[Result "1-0"]
[WhiteElo "1818"]
[BlackElo "1596"]
[PlyCount "65"]
[EventDate "2011.??.??"]

1. e4 d5 2. exd5 Qxd5 3. Nc3 Qd6 4. d4 Nf6 5. Nf3 c6 6. h3 Bf5 7. Bd3 Bxd3 8.
Qxd3 e6 9. Bg5 Be7 10. O-O Nbd7 11. Bh4 Nb6 12. Bg3 Qd8 13. Rfd1 O-O 14. a3
Nbd5 15. Ne2 Nd7 16. c4 N5f6 17. Qb3 Qb6 18. Qc2 c5 19. Ne5 cxd4 20. Nxd7 Nxd7
21. Rxd4 Nc5 22. b4 Na6 23. Rd7 Bf6 24. Rad1 Rad8 25. R7d6 Rxd6 26. Rxd6 Nxb4
27. axb4 Qxb4 28. Rd1 Rc8 29. Rb1 Rxc4 30. Qd3 Qc5 31. Rxb7 g6 32. Qd7 Qf8 33.
Bd6 1-0

[Event "FSV-ch 2011"]
[Site "Dortmund"]
[Date "2011.04.07"]
[Round "5.7"]
[White "Reinacher, Detlev"]
[Black "Sonntag, Joachim"]
[Result "0-1"]
[WhiteElo "1588"]
[BlackElo "1765"]
[PlyCount "76"]
[EventDate "2011.??.??"]

1. Nf3 Nf6 2. g3 c5 3. Bg2 d5 4. d3 Nc6 5. O-O e5 6. Nbd2 Be7 7. c3 O-O 8. Qc2
Be6 9. a3 Rc8 10. b3 Qd7 11. Bb2 Bh3 12. e4 d4 13. Rac1 Bg4 14. Qb1 Rfe8 15.
Rfe1 a5 16. Nc4 Bd8 17. cxd4 cxd4 18. a4 Bc7 19. Nfd2 Nh5 20. Na3 Bd6 21. Nac4
Bb4 22. Ba3 Qe7 23. Bxb4 Qxb4 24. h3 Bd7 25. Bf3 Nf6 26. Kh2 Rb8 27. Be2 b5 28.
axb5 Rxb5 29. f4 Reb8 30. fxe5 Nxe5 31. Nxe5 Qxd2 32. Nxd7 Nxd7 33. Qa1 Ne5 34.
Kh1 Qe3 35. Bf1 Qf3+ 36. Bg2 Qxg3 37. Rf1 Nxd3 38. Rcd1 Nf2+ 0-1

[Event "FSV-ch 2011"]
[Site "Dortmund"]
[Date "2011.04.07"]
[Round "5.8"]
[White "Bommert, Christian"]
[Black "Schicktanz, Florian"]
[Result "1/2-1/2"]
[WhiteElo "1764"]
[BlackElo "1554"]
[PlyCount "140"]
[EventDate "2011.??.??"]

1. f4 c5 2. Nf3 Nc6 3. g3 d5 4. Bg2 g6 5. O-O Bg7 6. d3 e6 7. c3 Nge7 8. Qe1
O-O 9. Na3 b6 10. e4 dxe4 11. dxe4 Bb7 12. Be3 a6 13. Rd1 Qc7 14. Nc4 Rfd8 15.
Ncd2 h6 16. Qe2 a5 17. Qf2 Rab8 18. Nh4 Ba6 19. Rfe1 a4 20. a3 Na5 21. Bf1 c4
22. Ndf3 b5 23. Nd4 Nac6 24. Bg2 Nxd4 25. Bxd4 Bxd4 26. Rxd4 Rxd4 27. cxd4 Qb6
28. f5 exf5 29. exf5 Nxf5 30. Nxf5 gxf5 31. d5 Qxf2+ 32. Kxf2 Rd8 33. Kf1 {
(??? - Vermutlich ein Fingerfehler vom Typ "Koenig-beruehrt-Koenig gefuehrt".)}
33... b4 34. Kf2 bxa3 35. bxa3 Bb7 36. Re5 c3 37. Ke1 Bc8 38. Kd1 f6 39. Re7
Kf8 40. Rc7 Be6 41. Rc5 Rc8 42. Rxc8+ Bxc8 43. d6 Kf7 44. Bd5+ Ke8 45. Bc6+ Bd7
46. Bd5 Kf8 47. Kc2 Kg7 48. Kxc3 Kg6 49. Kd4 f4 50. gxf4 Kf5 51. Ke3 (51. Kc5
$1 Kxf4 52. Bc6 Bg4 53. Bxa4 $18) 51... Kg4 52. Bg2 h5 53. Bf1 h4 54. Bg2 Kh5
55. Bf3+ (55. h3 Kg6 56. Kd4 Kf5 57. Kc5 Kxf4 58. Bc6 Bxh3 59. Bxa4 Ke5 60. d7
Bxd7 61. Bxd7 f5 62. a4 h3 63. a5 $18) 55... Kg6 56. Ke4 Kg7 57. Kd5 Kg6 58. h3
Kf7 59. Bh5+ Kf8 60. Bd1 (60. Bg6) 60... Ke8 61. Ke4 Kd8 62. Bg4 Bc6+ 63. Kf5
Bd7+ 64. Ke4 Bc6+ 65. Kd4 Be8 66. Kc5 Bf7 67. Bd1 Bb3 68. Bg4 Bc2 69. Kb4 Bb3
70. Kc3 Bd5 1/2-1/2

[Event "FSV-ch 2011"]
[Site "Dortmund"]
[Date "2011.04.07"]
[Round "5.9"]
[White "Knackstedt, Ulf"]
[Black "Raabe, Hans-Ulrich"]
[Result "0-1"]
[WhiteElo "1730"]
[BlackElo "1507"]
[PlyCount "100"]
[EventDate "2011.??.??"]

1. e4 e5 2. Nf3 Nc6 3. d4 exd4 4. Nxd4 Bc5 5. Be3 Nxd4 6. Bxd4 Bxd4 7. Qxd4 Nf6
8. Bc4 d6 9. Nc3 O-O 10. O-O Be6 11. Bb3 Bxb3 12. axb3 Re8 13. Rxa7 Rxa7 14.
Qxa7 Nxe4 15. Nxe4 Rxe4 16. Qxb7 Re2 17. Qc6 Kf8 18. h3 Qe7 19. b4 g6 20. Qc3
Ke8 21. Ra1 Kd7 22. b5 Qe4 23. Qf6 Qxc2 24. Qxf7+ Re7 25. Qf3 Qe4 26. Qc3 Re5
27. b6 cxb6 28. Ra7+ Ke6 29. Qb3+ Qd5 30. Qxb6 Re1+ 31. Kh2 Qe5+ 32. g3 Qd5 33.
g4 Qf3 34. Re7+ Kxe7 35. Qc7+ Ke6 36. Qc8+ Kf7 37. Qc4+ d5 38. Qc7+ Re7 39. Qc5
Qf4+ 40. Kg2 Qe4+ 41. Kg1 Qc4 42. Qd6 Re1+ 43. Kh2 Qe4 44. Qd7+ Kg8 45. Qd8+
Kg7 46. Kg3 Qe7 47. Qc8 Qe5+ 48. Kg2 Qe4+ 49. Kg3 Rg1+ 50. Kh4 Qe7+ 0-1

[Event "FSV-ch 2011"]
[Site "Dortmund"]
[Date "2011.04.07"]
[Round "5.10"]
[White "Koch, Detlev"]
[Black "Benke, Werner"]
[Result "1/2-1/2"]
[WhiteElo "1313"]
[BlackElo "1612"]
[PlyCount "41"]
[EventDate "2011.??.??"]

1. d4 d5 2. Nf3 Nf6 3. e3 e6 4. Bd3 Be7 5. b3 Nbd7 6. Nbd2 c5 7. Bb2 O-O 8. O-O
a6 9. a3 cxd4 10. exd4 b5 11. Ne5 Bb7 12. f4 Rc8 13. Rc1 h6 14. Qe2 Qa5 15. Ra1
Qb6 16. Kh1 Qc7 17. Ndf3 Ne4 18. Qe1 f5 19. Nxd7 Qxd7 20. Ne5 Qe8 21. b4
1/2-1/2

[Event "FSV-ch 2011"]
[Site "Dortmund"]
[Date "2011.04.07"]
[Round "5.11"]
[White "Weischer, Wolfgang"]
[Black "Rzoczek, Christoph"]
[Result "1-0"]
[WhiteElo "1582"]
[BlackElo "1523"]
[PlyCount "65"]
[EventDate "2011.??.??"]

1. e4 d5 2. d4 c6 3. exd5 Qxd5 4. Be3 Nf6 5. c4 Qd6 6. Nc3 Bf5 7. Bd3 Bg6 8.
Nge2 Ng4 9. Nf4 Nf6 10. Qb3 Qc7 11. O-O e6 12. f3 Bd6 13. Nce2 Nbd7 14. c5 Be7
15. Nxg6 hxg6 16. Bf4 e5 17. Bg3 Nd5 18. Bc4 O-O-O 19. Bxd5 Nxc5 20. Qc2 Rxd5
21. dxc5 Bxc5+ 22. Kh1 f5 23. Rad1 Rxd1 24. Rxd1 Qe7 25. Nc1 Be3 26. Qd3 f4 27.
Be1 Bb6 28. Qxg6 Rh6 29. Qf5+ Kb8 30. Rd7 Qc5 31. Ne2 Rf6 32. Qd3 Bc7 33. Rd8+
1-0

[Event "FSV-ch 2011"]
[Site "Dortmund"]
[Date "2011.04.07"]
[Round "5.12"]
[White "Reschop, Romano"]
[Black "Hübel, Carsten"]
[Result "1-0"]
[WhiteElo "1703"]
[BlackElo "1397"]
[PlyCount "43"]
[EventDate "2011.??.??"]

1. e4 c5 2. Nc3 Nc6 3. Nf3 e6 4. d4 cxd4 5. Nxd4 Bc5 6. Ndb5 Nb4 7. a3 Qf6 8.
f4 Na6 9. e5 Qd8 10. b4 Be7 11. Ne4 Qb6 12. Nbd6+ Bxd6 13. Nxd6+ Kf8 14. Qd3
Ne7 15. Be3 Qc7 16. Be2 Nd5 17. c4 Nxe3 18. Qxe3 f6 19. O-O Ke7 20. Rad1 Rd8
21. Nb5 Qc6 22. Rd6 1-0